| 000 | 00555nam a22001931 4500 | ||
|---|---|---|---|
| 001 | ca 34001134 | ||
| 003 | DLC | ||
| 005 | 20260227111133.0 | ||
| 008 | 780328s1931 nyuaf 00010 eng | ||
| 010 | _aca 34001134 | ||
| 035 | _aocl73716161 | ||
| 040 | _cWMaUCS | ||
| 050 | 0 |
_aPS3507.I27 _bL5 1931 |
|
| 082 | _a812.5 | ||
| 100 | 1 | 0 |
_aDickey, Paul, _d1885-1933. |
| 245 | 1 | 4 |
_aThe Lincoln highwayman, _ba play in one act, _cby Paul Dickey ... |
| 260 | 0 |
_aNew York city, _aLos Angeles, _bS. French, _c[1931] |
|
| 300 |
_a2 p.l., 36 p. pl., _bdiagr. _c20 cm. |
||
| 999 |
_c17441 _d17441 |
||